000 04120nmm a2200277 a 4500
003 CO-CtgCURN
005 20250719141355.0
007 co cga0aauuu
008 190716s2017 xx 000 0 und d
040 _aCO-CtgCURN
_bspa
_ccoctgcurn
082 _aDER 2017
_bL789p
100 _aLizarazo Argel, Víctor Alfonso
_eautor
_93842
245 0 _aPronunciamientos de la Corte Constitucional sobre uniones maritales de hecho en parejas del mismo sexo, con énfasis a la pensión de sobreviviente y efectos patrimoniales
_h[electronic resource] /
_cVíctor Alfonso Lizarazo Argel; asesor., Juan Carlos Berrocal Durán
260 _aBarranquilla, Atlántico :
_bCorporación Universitaria Rafael Núñez,
_c2017
300 _a1 recurso en línea (84 páginas (PDF)) :
_bilustraciones
502 _aTrabajo de Grado (Abogado). Corporación Universitaria Rafael Núñez. Facultad de Ciencias Sociales y Humanas. Programa de Derecho, 2017
504 _aIncluye referencias bibliográficas
520 _aNuestro ordenamiento jurídico podría interpretarse como la respuesta a la organización de la vida social de los ciudadanos, el cual está orientado por un sinnúmero de principios y derechos, los cuales se ajustan a las necesidades del Estado de acuerdo a las características, desarrollo y diversidad ideológica, presentes en el mismo. Bajo este postulado podremos mencionar que la Corte Constitucional ha realizado diferentes esfuerzos para el reconocimiento de derechos a las personas que abiertamente han decidido mantener relaciones familiares con personas del mismo sexo, si bien el trabajo que la Corte ha desarrollado es vanguardista y de aplaudir, también ha dejado de lado temas con igual importancia como lo son el reconocimiento y protección de las relaciones familiares anteriores a las uniones del mismo sexo. Por su parte el tema del transexualismo, se ha tratado mediante respuestas a acciones de tutelas con pretensiones muy exactas como el cambio de nombre, en desarrollo del derecho a la libre personalidad, en un caso particular de intersexualismo. La realización de este estudio implica, subsidiariamente, el análisis de las diferentes soluciones que se han presentado en otros países donde el tema se ha desarrollado con más juicio y donde la problemática los ha llevado a generar respuesta a interrogantes como el planteado en este trabajo investigativo, de aquí la necesidad de poner en práctica el Derecho Comparado; es por ello, que analizaremos las legislaciones de Alemania, España, Uruguay y Argentina, aunque es claro que culturas como la europea, por ejemplo, son completamente diferentes a la colombiana, nuestra intención no es proponer copiar modelos extranjeros para tratar el tema en cuestión, sino poner de presente que las sociedades, incluyendo la nuestra, deberán abrir campo a las personas con opción sexual diferente desde el respeto, la tolerancia y el reconocimiento de igualdad de derechos. Además de lo anterior, la importancia del aporte jurídico a la región de Santander radica en la inexistencia de estudios de esta envergadura, en tanto no se ha realizado ninguna investigación del cambio de sexo y las implicaciones jurídicas en sus anteriores relaciones de familia, nuestro fin es el de dar a conocer en la academia este tipo de realidades que aún hoy día quieren ser negadas y discriminadas por la sociedad. Esperamos humildemente que sirva de base para posteriores investigaciones que se realicen sobre el tema o temas relacionados con éste, a fin de seguir construyendo espacios que permitan la inclusión de comunidades de orientación sexual diferente.
521 _aAREA PROFESIONAL
590 _aPrograma de Derecho_18
650 _aDerecho
_vTesis y disertaciones académicas
_93843
700 _aBerrocal Durán, Juan Carlos
_easesor
_93844
856 _uhttps://unicurn.sharepoint.com/:b:/s/biblioteca/ETawHWZcntJHiAMeg1JZ8DsBn7fS0iST-erF2Q3FJysQuQ?e=LIZubO
_yConsulte aquí el texto completo
942 _cTG
_hDER 2017
_iL789p
_2ddc
_n0
999 _c435
_d435